| 000 | 00485nam a2200157Ia 4500 | ||
|---|---|---|---|
| 008 | 230907s9999||||xx |||||||||||||| ||und|| | ||
| 082 |
_a621.3 _bHAM |
||
| 100 |
_aHamza Nisar (00000318511) _9116668 |
||
| 245 | 0 | _aDevelopment of Floating PV Test Bench and its Comparison with On Ground PV System / | |
| 260 |
_aUSPCAS-E, NUST, _bIslamabad : _c2022 |
||
| 300 | _a+CD | ||
| 520 | _aTH-338 | ||
| 650 | _aMS-ESE Thesis MS Thesis | ||
| 700 |
_aDr. Adeel Waqas _928869 |
||
| 942 |
_cTHE _2ddc |
||
| 999 |
_c602016 _d602016 |
||